[Event "Bucharest Grand Prix op"]
[Site "Bucharest"]
[Date "2024.03.23"]
[Round "1"]
[White "Ionescu, Catalin"]
[Black "Efroimski, Marsel"]
[Result "0-1"]
[WhiteElo "1707"]
[BlackElo "2467"]
[PlyCount "80"]
[EventDate "2024.03.23"]
[EventType "swiss (rapid)"]
[EventRounds "10"]
[EventCountry "ROU"]
[SourceTitle "CB13_2024"]
[SourceDate "2024.03.27"]
[SourceVersion "1"]
[SourceVersionDate "2024.03.27"]
[SourceQuality "1"]

1. e4 c5 2. Nc3 Nc6 3. f4 g6 4. Nf3 Bg7 5. Bb5 Nd4 6. 0-0 e6 7. d3 a6 8. Ba4 b5 9. Bb3 Ne7 10. Ne2 Nxf3+ 11. Rxf3 d5 12. c3 Bb7 13. Bc2 dxe4 14. dxe4 Qxd1+ 15. Bxd1 Bxe4 16. Rf1 0-0 17. Ng3 Bd3 18. Be2 Bxe2 19. Nxe2 Nd5 20. Bd2 Rab8 21. Rab1 Rfd8 22. Rfd1 Rd7 23. Be1 Rbd8 24. Bf2 Nxf4 25. Rxd7 Nxe2+ 26. Kf1 Rxd7 27. Kxe2 c4 28. Be3 f5 29. Rf1 e5 30. g3 Kf7 31. b3 e4 32. Bd2 Rc7 33. g4 Ke6 34. gxf5+ gxf5 35. Rc1 Be5 36. h3 Rg7 37. bxc4 Rg2+ 38. Kd1 Rg1+ 39. Kc2 Rxc1+ 40. Bxc1 bxc4 0-1

[Event "Brasov GP RO"]
[Site "Brasov"]
[Date "2023.07.16"]
[Round "1"]
[White "Levin, Guy"]
[Black "Ionescu, Catalin"]
[Result "1-0"]
[WhiteElo "2429"]
[BlackElo "1591"]
[PlyCount "65"]
[EventDate "2023.07.16"]
[EventType "swiss"]
[EventRounds "9"]
[EventCountry "ROU"]
[SourceTitle "CBM 215 Extra"]
[Source "ChessBase"]
[SourceDate "2023.09.30"]
[SourceVersion "1"]
[SourceVersionDate "2023.09.30"]
[SourceQuality "1"]

1. e4 c5 2. Nf3 a6 3. g3 g6 4. Bg2 Bg7 5. 0-0 d6 6. c3 Nf6 7. Re1 0-0 8. d4 Nc6 9. d5 Ne5 10. Nxe5 dxe5 11. a4 b6 12. b4 cxb4 13. cxb4 Bb7 14. Be3 Qd6 15. a5 b5 16. Bc5 Qd8 17. Nd2 Rc8 18. Nb3 Qd7 19. Bb6 Rc4 20. Nc5 Qc8 21. Qb3 Nd7 22. Bh3 Nxc5 23. Qxc4 bxc4 24. Bxc8 Bxc8 25. bxc5 Bh6 26. c6 c3 27. Be3 g5 28. Rec1 f5 29. Rxc3 f4 30. Bc5 Kf7 31. Rb1 g4 32. Rb7 Re8 33. d6 1-0

[Event "IECC Swiss-526.3"]
[Site "IECC email"]
[Date "2008.06.08"]
[Round "?"]
[White "Pivirotto, Filiberto"]
[Black "Ionescu, Catalin"]
[Result "1/2-1/2"]
[WhiteElo "1706"]
[BlackElo "1502"]
[PlyCount "34"]
[EventDate "2008.??.??"]
[EventType "tourn (corr)"]
[EventRounds "1"]
[SourceTitle "Corr 2011"]
[Source "ChessBase"]
[SourceDate "2010.08.31"]
[SourceVersion "1"]
[SourceVersionDate "2010.08.31"]
[SourceQuality "1"]
[WhiteTeam "Italy"]
[BlackTeam "Romania"]
[WhiteTeamCountry "ITA"]
[BlackTeamCountry "ROU"]

1. b3 e5 2. Bb2 Nc6 3. e3 d5 4. Bb5 Bd6 5. f4 Qh4+ 6. g3 Qe7 7. Nf3 Bg4 8. fxe5 Bxf3 9. Qxf3 Bxe5 10. Bxe5 Qxe5 11. Nc3 Nf6 12. Bxc6+ bxc6 13. 0-0 0-0 14. Qf4 Qd6 15. Rf3 Qxf4 16. Rxf4 Rfe8 17. Raf1 Re7 1/2-1/2

[Event "FICGS W-ch st1 g11 email"]
[Site "FICGS email"]
[Date "2008.01.08"]
[Round "1"]
[White "Bonnet, Sabine"]
[Black "Ionescu, Catalin"]
[Result "0-1"]
[WhiteElo "1600"]
[BlackElo "1486"]
[PlyCount "32"]
[EventDate "2008.??.??"]
[EventType "tourn (corr)"]
[EventRounds "8"]
[SourceTitle "Corr 2022"]
[Source "ChessBase"]
[SourceDate "2021.10.24"]
[SourceVersion "1"]
[SourceVersionDate "2021.10.24"]
[SourceQuality "1"]

1. e4 c5 2. Nf3 d6 3. Bc4 Nc6 4. d4 cxd4 5. Nxd4 Nf6 6. Nc3 e6 7. 0-0 Be7 8. h3 0-0 9. Be3 Bd7 10. a3 a6 11. Rb1 b5 12. Bd3 d5 13. exd5 exd5 14. Nxc6 Bxc6 15. Re1 Re8 16. Qf3 Rc8 0-1

[Event "FICGS W-ch st1 g11 email"]
[Site "FICGS email"]
[Date "2008.01.08"]
[Round "1"]
[White "Cruz, Danny"]
[Black "Ionescu, Catalin"]
[Result "1-0"]
[WhiteElo "1760"]
[BlackElo "1486"]
[PlyCount "45"]
[EventDate "2008.??.??"]
[EventType "tourn (corr)"]
[EventRounds "8"]
[SourceTitle "Corr 2022"]
[Source "ChessBase"]
[SourceDate "2021.10.24"]
[SourceVersion "1"]
[SourceVersionDate "2021.10.24"]
[SourceQuality "1"]

1. d4 Nf6 2. c4 e6 3. Nf3 b6 4. g3 Ba6 5. Qa4 Bb7 6. Bg2 Be7 7. 0-0 0-0 8. Nc3 d5 9. Bf4 Nbd7 10. Ne5 c6 11. Nxc6 Bxc6 12. Qxc6 Rc8 13. Qb7 Rxc4 14. Nb5 Qa8 15. Qa6 Qc8 16. Qxa7 Rc2 17. b3 Rxe2 18. Rfc1 Qa8 19. Bf3 Qxa7 20. Nxa7 Rb2 21. Rc7 Ra8 22. Bc1 Ba3 23. Nb5 1-0

[Event "FICGS W-ch st1 g11 email"]
[Site "FICGS email"]
[Date "2008.01.08"]
[Round "1"]
[White "Sharland, Michael"]
[Black "Ionescu, Catalin"]
[Result "1-0"]
[WhiteElo "1863"]
[BlackElo "1486"]
[PlyCount "47"]
[EventDate "2008.??.??"]
[EventType "tourn (corr)"]
[EventRounds "8"]
[SourceTitle "Corr 2022"]
[Source "ChessBase"]
[SourceDate "2021.10.24"]
[SourceVersion "1"]
[SourceVersionDate "2021.10.24"]
[SourceQuality "1"]

1. e4 c5 2. Nf3 d6 3. d4 cxd4 4. Nxd4 Nf6 5. Nc3 a6 6. Bc4 e6 7. Be3 Nc6 8. f4 Be7 9. Bb3 0-0 10. Qf3 Nxd4 11. Bxd4 Qc7 12. 0-0-0 e5 13. fxe5 dxe5 14. Qg3 Bd6 15. Be3 Nh5 16. Qf3 Nf6 17. Bg5 Bg4 18. Qg3 Bxd1 19. Bxf6 g6 20. Rxd1 Rfe8 21. h4 Bf8 22. h5 Bh6+ 23. Kb1 Qc6 24. Qh4 1-0

[Event "FICGS class E 000065 email"]
[Site "FICGS email"]
[Date "2007.10.28"]
[Round "1"]
[White "Ionescu, Catalin"]
[Black "Ancker, Robert"]
[Result "1-0"]
[WhiteElo "1450"]
[BlackElo "1400"]
[PlyCount "93"]
[EventDate "2007.??.??"]
[EventType "tourn (corr)"]
[EventRounds "5"]
[SourceTitle "Corr 2022"]
[Source "ChessBase"]
[SourceDate "2021.10.24"]
[SourceVersion "1"]
[SourceVersionDate "2021.10.24"]
[SourceQuality "1"]

1. e4 e5 2. Nf3 Bc5 3. Nxe5 Bxf2+ 4. Kxf2 Qf6+ 5. Nf3 Qb6+ 6. d4 Nf6 7. Nc3 c5 8. dxc5 Qxc5+ 9. Qd4 Qxd4+ 10. Nxd4 0-0 11. Be2 b6 12. Bf3 Nc6 13. Nxc6 dxc6 14. e5 Nd7 15. Bxc6 Rb8 16. Bxd7 Bxd7 17. Bf4 Rbc8 18. a3 Bc6 19. Rad1 Ba8 20. Rhe1 Rcd8 21. Rxd8 Rxd8 22. Rd1 Rc8 23. Rd7 Bc6 24. Rxa7 b5 25. Nd1 Ba8 26. c3 b4 27. axb4 Bc6 28. Ne3 f6 29. exf6 gxf6 30. Nf5 Rd8 31. Bh6 Bd7 32. c4 Bxf5 33. c5 Rd7 34. Rxd7 Bxd7 35. Ke3 f5 36. Kd4 Kf7 37. Kd5 Kg6 38. Bf4 Kf7 39. Kd6 Ba4 40. c6 Bb5 41. c7 Ba6 42. Kd7 Bb7 43. c8Q Bxc8+ 44. Kxc8 Ke8 45. b5 Ke7 46. b6 h5 47. b7 1-0

[Event "FICGS W-ch st1 g14 email"]
[Site "FICGS email"]
[Date "2007.07.11"]
[Round "1"]
[White "Ionescu, Catalin"]
[Black "Oldenhof, Dwight"]
[Result "1-0"]
[WhiteElo "1476"]
[BlackElo "1400"]
[PlyCount "51"]
[EventDate "2007.??.??"]
[EventType "tourn (corr)"]
[EventRounds "8"]
[SourceTitle "Corr 2022"]
[Source "ChessBase"]
[SourceDate "2021.10.24"]
[SourceVersion "1"]
[SourceVersionDate "2021.10.24"]
[SourceQuality "1"]

1. e4 c5 2. Nf3 d6 3. d4 cxd4 4. Nxd4 Nf6 5. Nc3 a6 6. Be2 e5 7. Nb3 Be7 8. Be3 Nc6 9. 0-0 Be6 10. Nd5 Nxd5 11. exd5 Bd7 12. dxc6 Bxc6 13. f3 0-0 14. c4 Ba4 15. Qd3 Rc8 16. Rac1 b5 17. cxb5 Bxb5 18. Rxc8 Qxc8 19. Qd2 f5 20. Rc1 Qe6 21. Rc7 f4 22. Bf2 h6 23. Bxb5 axb5 24. Rb7 Rc8 25. Rxb5 e4 26. Qxf4 1-0

[Event "FICGS class D 000031 email"]
[Site "FICGS email"]
[Date "2007.02.12"]
[Round "1"]
[White "Wilson, Jaimie"]
[Black "Ionescu, Catalin"]
[Result "1-0"]
[WhiteElo "1552"]
[BlackElo "1600"]
[PlyCount "61"]
[EventDate "2007.??.??"]
[EventType "tourn (corr)"]
[EventRounds "6"]
[SourceTitle "Corr 2022"]
[Source "ChessBase"]
[SourceDate "2021.10.24"]
[SourceVersion "1"]
[SourceVersionDate "2021.10.24"]
[SourceQuality "1"]

1. e4 c5 2. Nc3 Nc6 3. f4 d6 4. Nf3 Bg4 5. Be2 e6 6. 0-0 Nf6 7. d3 Nd4 8. Nxd4 cxd4 9. Bxg4 dxc3 10. bxc3 Qb6+ 11. Kh1 e5 12. fxe5 dxe5 13. Qf3 Be7 14. Be3 Qc7 15. Rab1 b6 16. c4 0-0 17. Bg5 Nxg4 18. Qxg4 Bxg5 19. Qxg5 f6 20. Qg4 Qe7 21. Qe2 Qa3 22. Ra1 Qc3 23. a4 a5 24. g4 Qd4 25. Rab1 Rab8 26. Rb5 Rfd8 27. Qf2 Qd6 28. Rfb1 Qc6 29. Rxb6 Rxb6 30. Qxb6 Qxb6 31. Rxb6 1-0

[Event "FICGS class C 000029 email"]
[Site "FICGS email"]
[Date "2007.02.11"]
[Round "1"]
[White "Regent, Mike"]
[Black "Ionescu, Catalin"]
[Result "0-1"]
[WhiteElo "1700"]
[BlackElo "1600"]
[PlyCount "40"]
[EventDate "2007.??.??"]
[EventType "tourn (corr)"]
[EventRounds "4"]
[SourceTitle "Corr 2022"]
[Source "ChessBase"]
[SourceDate "2021.10.24"]
[SourceVersion "1"]
[SourceVersionDate "2021.10.24"]
[SourceQuality "1"]

1. e4 c5 2. Nf3 d6 3. d4 cxd4 4. Nxd4 Nf6 5. Nc3 a6 6. Bc4 e5 7. Nf5 Bxf5 8. exf5 Nc6 9. g4 h6 10. h4 Nd4 11. Be3 Qb6 12. Bb3 0-0-0 13. Bxf7 Kb8 14. Rh3 Be7 15. Kf1 Rhf8 16. Nd5 Nxd5 17. Bxd4 exd4 18. Bxd5 Qb5+ 19. c4 Qc5 20. b4 Qc7 0-1

[Event "FICGS class E 000033 email"]
[Site "FICGS email"]
[Date "2007.02.07"]
[Round "1"]
[White "Carrizo, Jose Luis"]
[Black "Ionescu, Catalin"]
[Result "1-0"]
[WhiteElo "1400"]
[BlackElo "1600"]
[PlyCount "53"]
[EventDate "2007.??.??"]
[EventType "tourn (corr)"]
[EventRounds "5"]
[SourceTitle "Corr 2022"]
[Source "ChessBase"]
[SourceDate "2021.10.24"]
[SourceVersion "1"]
[SourceVersionDate "2021.10.24"]
[SourceQuality "1"]

1. e4 c5 2. Nc3 Nc6 3. f4 d6 4. Nf3 a6 5. d4 e6 6. dxc5 dxc5 7. Qxd8+ Nxd8 8. Be3 Nc6 9. 0-0-0 Bd7 10. g4 0-0-0 11. Be2 Be8 12. Rxd8+ Nxd8 13. Rd1 Bc6 14. Ne5 f6 15. Rxd8+ Kxd8 16. Nf7+ Ke8 17. Nxh8 Be7 18. Bc4 Bd7 19. f5 Kf8 20. fxe6 Bc6 21. Nf7 b5 22. Bd5 Bxd5 23. exd5 c4 24. d6 Bxd6 25. Nxd6 Ke7 26. Nf5+ Ke8 27. Nd5 1-0

[Event "FICGS class E 000033 email"]
[Site "FICGS email"]
[Date "2007.02.07"]
[Round "1"]
[White "Ionescu, Catalin"]
[Black "MacKey, Jason"]
[Result "1-0"]
[WhiteElo "1600"]
[BlackElo "1346"]
[PlyCount "43"]
[EventDate "2007.??.??"]
[EventType "tourn (corr)"]
[EventRounds "5"]
[SourceTitle "Corr 2022"]
[Source "ChessBase"]
[SourceDate "2021.10.24"]
[SourceVersion "1"]
[SourceVersionDate "2021.10.24"]
[SourceQuality "1"]

1. d4 d5 2. c4 e6 3. Nc3 Nf6 4. Bg5 Be7 5. Nf3 0-0 6. e3 Nbd7 7. a3 Re8 8. Qc2 h6 9. Bh4 c5 10. Bd3 cxd4 11. Nxd4 dxc4 12. Bxc4 Ne5 13. Ba2 Bd7 14. Bb1 Qb6 15. Bxf6 Bxf6 16. 0-0 g6 17. b4 Rac8 18. Qd2 Nc4 19. Qe2 Bxd4 20. exd4 Qxd4 21. Qc2 Nb6 22. Rc1 1-0

[Event "FICGS class E 000033 email"]
[Site "FICGS email"]
[Date "2007.02.07"]
[Round "1"]
[White "Ionescu, Catalin"]
[Black "Stoianov, Stoian"]
[Result "1-0"]
[WhiteElo "1600"]
[BlackElo "1400"]
[PlyCount "89"]
[EventDate "2007.??.??"]
[EventType "tourn (corr)"]
[EventRounds "5"]
[SourceTitle "Corr 2022"]
[Source "ChessBase"]
[SourceDate "2021.10.24"]
[SourceVersion "1"]
[SourceVersionDate "2021.10.24"]
[SourceQuality "1"]

1. e4 e5 2. Nf3 Nc6 3. Bb5 a6 4. Ba4 b5 5. Bb3 Nf6 6. d3 h6 7. a3 d5 8. exd5 Nxd5 9. c4 Nf6 10. Nc3 Bf5 11. Bc2 Nd4 12. cxb5 axb5 13. Be3 c6 14. Nxe5 c5 15. Bxd4 Qxd4 16. Nf3 Qd7 17. 0-0 Be7 18. Re1 0-0 19. Ne5 Qb7 20. Qf3 Qxf3 21. Nxf3 b4 22. Rxe7 bxc3 23. bxc3 c4 24. Re5 Bxd3 25. Ne1 Rad8 26. f3 Bxc2 27. Nxc2 Rd3 28. Re3 Nd5 29. Rxd3 cxd3 30. Nb4 Nxc3 31. Nxd3 Rd8 32. Nb4 Rd4 33. Nc2 Ra4 34. Kf2 Nb5 35. Rb1 Nxa3 36. Ra1 Nxc2 37. Rxa4 g5 38. g4 Kg7 39. f4 gxf4 40. Rxf4 Na3 41. h4 Nb5 42. Kg3 Nd6 43. Ra4 f5 44. Ra7+ Kf6 45. Kf4 1-0

[Event "FICGS class D 000030 email"]
[Site "FICGS email"]
[Date "2007.02.06"]
[Round "1"]
[White "Ionescu, Catalin"]
[Black "Behrmann, Klaus"]
[Result "0-1"]
[WhiteElo "1600"]
[BlackElo "1775"]
[PlyCount "58"]
[EventDate "2007.??.??"]
[EventType "tourn (corr)"]
[EventRounds "6"]
[SourceTitle "Corr 2022"]
[Source "ChessBase"]
[SourceDate "2021.10.24"]
[SourceVersion "1"]
[SourceVersionDate "2021.10.24"]
[SourceQuality "1"]

1. e4 c6 2. d4 d5 3. Bd3 dxe4 4. Bxe4 Nf6 5. Nc3 Nxe4 6. Nxe4 Bf5 7. Ng3 Bg6 8. Be3 Qb6 9. b3 e6 10. a3 Bxa3 11. N1e2 Bd6 12. 0-0 Na6 13. d5 c5 14. dxe6 fxe6 15. Nf4 Bxf4 16. Bxf4 0-0 17. Be3 Nb4 18. c4 Nc2 19. Rc1 Qxb3 20. Bxc5 Rfc8 21. Bd4 Rd8 22. Ne2 e5 23. Rb1 Qxc4 24. Rxb7 exd4 25. Nc1 a5 26. Qf3 d3 27. Nxd3 Qxd3 28. Qxd3 Bxd3 29. Rd1 a4 0-1

[Event "FICGS rapid B 000036 email"]
[Site "FICGS email"]
[Date "2007.02.06"]
[Round "1"]
[White "Ionescu, Catalin"]
[Black "Dotti Contra, Alessandro"]
[Result "1-0"]
[WhiteElo "1600"]
[BlackElo "1400"]
[PlyCount "63"]
[EventDate "2007.??.??"]
[EventType "tourn (rapid)"]
[EventRounds "6"]
[SourceTitle "Corr 2022"]
[Source "ChessBase"]
[SourceDate "2021.10.24"]
[SourceVersion "1"]
[SourceVersionDate "2021.10.24"]
[SourceQuality "1"]

1. d4 d5 2. c4 e6 3. Nc3 Nf6 4. Bg5 Bb4 5. cxd5 exd5 6. e3 0-0 7. Qb3 Nc6 8. a3 Ba5 9. Bd3 h6 10. Bh4 Be6 11. Qxb7 Rb8 12. Qxc6 Rxb2 13. Nge2 Qe7 14. 0-0 Rd2 15. Rfd1 Rxd1+ 16. Rxd1 g5 17. Bg3 Rb8 18. Nb5 a6 19. Nxc7 Qd7 20. Qxd7 Bxd7 21. Nxd5 Rb3 22. Nxf6+ Kg7 23. Nxd7 Rxa3 24. Bxa6 f6 25. h3 h5 26. Bd6 Kg6 27. Bxa3 g4 28. Nf4+ Kf5 29. hxg4+ hxg4 30. Bd3+ Kg5 31. Be7 g3 32. Bxf6+ 1-0

[Event "FICGS rapid B 000036 email"]
[Site "FICGS email"]
[Date "2007.02.06"]
[Round "1"]
[White "Ionescu, Catalin"]
[Black "Fatelli, Vittorio"]
[Result "1-0"]
[WhiteElo "1600"]
[BlackElo "1400"]
[PlyCount "31"]
[EventDate "2007.??.??"]
[EventType "tourn (rapid)"]
[EventRounds "6"]
[SourceTitle "Corr 2022"]
[Source "ChessBase"]
[SourceDate "2021.10.24"]
[SourceVersion "1"]
[SourceVersionDate "2021.10.24"]
[SourceQuality "1"]

1. d4 g6 2. e4 Bg7 3. Nf3 d6 4. h3 Nd7 5. Nc3 e6 6. Be3 Ne7 7. Bd3 a6 8. Qd2 h6 9. 0-0 b5 10. a3 Bb7 11. Rfe1 f5 12. Qe2 g5 13. Red1 f4 14. Bd2 0-0 15. b4 Rc8 16. a4 1-0

[Event "FICGS class D 000030 email"]
[Site "FICGS email"]
[Date "2007.02.06"]
[Round "1"]
[White "Stoianov, Stoian"]
[Black "Ionescu, Catalin"]
[Result "1/2-1/2"]
[WhiteElo "1400"]
[BlackElo "1600"]
[PlyCount "57"]
[EventDate "2007.??.??"]
[EventType "tourn (corr)"]
[EventRounds "6"]
[SourceTitle "Corr 2022"]
[Source "ChessBase"]
[SourceDate "2021.10.24"]
[SourceVersion "1"]
[SourceVersionDate "2021.10.24"]
[SourceQuality "1"]

1. e4 e5 2. Nf3 Nc6 3. Bc4 Bc5 4. d3 h6 5. 0-0 d6 6. Nbd2 Nf6 7. Nb3 Bb6 8. a4 a6 9. a5 Ba7 10. Be3 Bxe3 11. fxe3 Ng4 12. Qe2 0-0 13. d4 Nf6 14. d5 Ne7 15. h3 c6 16. Rfd1 c5 17. Nbd2 Nd7 18. Rf1 Ng6 19. c3 b5 20. Ba2 Nf6 21. c4 b4 22. Bb3 Bb7 23. Qe1 Re8 24. Nh4 Nxh4 25. Qxh4 Nh7 26. Qg3 Qg5 27. Qxg5 Nxg5 28. Ba4 Re7 29. h4 1/2-1/2

[Event "FICGS theme 0000 email"]
[Site "FICGS email"]
[Date "2007.02.05"]
[Round "1"]
[White "Michelon, Louis"]
[Black "Ionescu, Catalin"]
[Result "1-0"]
[WhiteElo "2171"]
[BlackElo "1600"]
[PlyCount "35"]
[EventDate "2007.??.??"]
[EventType "swiss (corr)"]
[EventRounds "1"]
[SourceTitle "Corr 2022"]
[Source "ChessBase"]
[SourceDate "2021.10.24"]
[SourceVersion "1"]
[SourceVersionDate "2021.10.24"]
[SourceQuality "1"]

1. e4 c5 2. f4 d5 3. Nf3 dxe4 4. Ng5 Nf6 5. Bc4 e6 6. Nc3 Bd6 7. d3 exd3 8. Qxd3 h6 9. Nb5 Be7 10. Qxd8+ Bxd8 11. Nd6+ Kd7 12. Ngxf7 Rf8 13. Be3 Bb6 14. 0-0-0 Ke7 15. Ne5 Rd8 16. Ng6+ Kd7 17. f5 exf5 18. Nxf5+ 1-0